[Event "Madrid-ch Previa-A"]
[Site "Madrid"]
[Date "2020.02.12"]
[Round "6"]
[White "Roldan Garcia, Angel"]
[Black "Faggiano, Alessandro"]
[Result "1-0"]
[WhiteElo "1809"]
[BlackElo "1282"]
[PlyCount "43"]
[EventDate "2020.02.03"]
[EventType "swiss"]
[EventRounds "9"]
[EventCountry "ESP"]
[SourceTitle "EXT 2021"]
[Source "ChessBase"]
[SourceDate "2020.10.23"]
[SourceVersion "1"]
[SourceVersionDate "2020.10.23"]
[SourceQuality "1"]

1. e4 c5 2. c3 Nc6 3. d4 cxd4 4. cxd4 d5 5. Nc3 e6 6. e5 Qb6 7. Nf3 Nge7 8. Bd3 Bd7 9. Na4 Qc7 10. 0-0 g6 11. Bg5 Nf5 12. Bf6 Bg7 13. Bxg7 Nxg7 14. Rc1 0-0 15. Nc5 a6 16. Qd2 Nf5 17. Bxf5 exf5 18. Qh6 Bc8 19. Ng5 f6 20. Qxf8+ Kxf8 21. Nce6+ Bxe6 22. Nxe6+ 1-0

[Event "Madrid-ch Previa-A"]
[Site "Madrid"]
[Date "2020.02.10"]
[Round "4"]
[White "Roldan Garcia, Angel"]
[Black "Esteban Amo, Jose M"]
[Result "0-1"]
[WhiteElo "1809"]
[BlackElo "1932"]
[PlyCount "142"]
[EventDate "2020.02.03"]
[EventType "swiss"]
[EventRounds "9"]
[EventCountry "ESP"]
[SourceTitle "EXT 2021"]
[Source "ChessBase"]
[SourceDate "2020.10.23"]
[SourceVersion "1"]
[SourceVersionDate "2020.10.23"]
[SourceQuality "1"]

1. e4 c5 2. c3 d5 3. exd5 Nf6 4. d4 Nxd5 5. dxc5 Nc6 6. Bc4 e6 7. Nf3 Bxc5 8. 0-0 0-0 9. Nbd2 h6 10. Ne4 Be7 11. Qe2 Qc7 12. Bb3 Nf6 13. Nxf6+ Bxf6 14. Re1 Ne7 15. Bc2 Rd8 16. Qe4 Ng6 17. h4 Qc6 18. Qxc6 bxc6 19. h5 Ne7 20. Ne5 Ba6 21. Bb3 Rac8 22. Ng4 Bg5 23. Bxg5 hxg5 24. Re5 Nf5 25. Ne3 Nxe3 26. Rxe3 Rd2 27. Rg3 Rxb2 28. Rd1 c5 29. Rd6 Be2 30. c4 a5 31. Ra6 Rb1+ 32. Kh2 Rc1 33. Rxa5 Bxc4 34. Rxg5 Bxb3 35. axb3 c4 36. bxc4 R8xc4 37. h6 Rh4+ 38. Kg3 Rxh6 39. Ra8+ Kh7 40. Ra7 Rc3+ 41. f3 Rg6 42. Rxg6 Kxg6 43. Rb7 e5 44. Rb4 Rd3 45. Rg4+ Kf6 46. Rc4 Kf5 47. Rc7 Kg6 48. Rc6+ f6 49. Rc4 Kf5 50. Rb4 g5 51. Ra4 Rd4 52. Ra6 g4 53. Kf2 gxf3 54. gxf3 e4 55. fxe4+ Rxe4 56. Kf3 Rb4 57. Ra5+ Kg6 58. Kg3 f5 59. Ra6+ Kg5 60. Ra8 Rb3+ 61. Kf2 Kg4 62. Ra4+ f4 63. Rc4 Rb2+ 64. Ke1 Kg3 65. Rc8 Rb1+ 66. Kd2 Kf2 67. Rf8 f3 68. Kd3 Re1 69. Kd2 Re7 70. Kd3 Rd7+ 71. Ke4 Ke2 0-1

[Event "Madrid-ch Previa-A"]
[Site "Madrid"]
[Date "2020.02.03"]
[Round "1"]
[White "Penas Merino, Ramona"]
[Black "Roldan Garcia, Angel"]
[Result "0-1"]
[WhiteElo "1422"]
[BlackElo "1809"]
[PlyCount "30"]
[EventDate "2020.02.03"]
[EventType "swiss"]
[EventRounds "9"]
[EventCountry "ESP"]
[SourceTitle "EXT 2021"]
[Source "ChessBase"]
[SourceDate "2020.10.23"]
[SourceVersion "1"]
[SourceVersionDate "2020.10.23"]
[SourceQuality "1"]

1. d4 Nf6 2. c4 g6 3. Nc3 Bg7 4. e4 d6 5. f3 0-0 6. Be3 c5 7. dxc5 dxc5 8. Qxd8 Rxd8 9. Bxc5 Nc6 10. Nge2 Nd7 11. Ba3 Nde5 12. Nf4 e6 13. Rc1 Bh6 14. Nce2 g5 15. Nh5 Nd3+ 0-1

[Event "Madrid-ch Previa-A"]
[Site "Madrid"]
[Date "2019.02.06"]
[Round "3"]
[White "Roldan Garcia, Angel"]
[Black "Villodre Miranda, Juan Alonso"]
[Result "1/2-1/2"]
[WhiteElo "1794"]
[BlackElo "1603"]
[PlyCount "74"]
[EventDate "2019.02.04"]
[EventType "swiss"]
[EventRounds "9"]
[EventCountry "ESP"]
[SourceTitle "EXT 2021"]
[Source "ChessBase"]
[SourceDate "2020.10.23"]
[SourceVersion "1"]
[SourceVersionDate "2020.10.23"]
[SourceQuality "1"]

1. e4 g6 2. d4 Bg7 3. Nc3 c6 4. Nf3 h6 5. Be3 e6 6. Bd3 d5 7. 0-0 dxe4 8. Nxe4 Nf6 9. c3 0-0 10. Ng3 Nbd7 11. h3 Re8 12. Qd2 Kh7 13. Rfe1 Nd5 14. Qc2 Nxe3 15. Rxe3 Nb6 16. Ne5 f5 17. Ree1 Nd7 18. Rad1 Nxe5 19. dxe5 Qc7 20. Qe2 b6 21. Bc4 a5 22. a4 Bf8 23. Qd3 Be7 24. Qc2 Rb8 25. Qb3 Bc5 26. Qc2 b5 27. axb5 cxb5 28. Bd3 b4 29. cxb4 Bb6 30. Qxc7+ Bxc7 31. Rc1 Re7 32. bxa5 Bxa5 33. Re2 Ra7 34. Bc4 Rc7 35. Rcc2 Rc5 36. b3 Bc7 37. f4 g5 1/2-1/2

[Event "Madrid-ch Previa-A"]
[Site "Madrid"]
[Date "2019.02.05"]
[Round "2"]
[White "Estevez Sacristan, Deva"]
[Black "Roldan Garcia, Angel"]
[Result "1-0"]
[WhiteElo "1952"]
[BlackElo "1794"]
[PlyCount "41"]
[EventDate "2019.02.04"]
[EventType "swiss"]
[EventRounds "9"]
[EventCountry "ESP"]
[SourceTitle "EXT 2021"]
[Source "ChessBase"]
[SourceDate "2020.10.23"]
[SourceVersion "1"]
[SourceVersionDate "2020.10.23"]
[SourceQuality "1"]

1. e4 c5 2. Nf3 e6 3. d4 cxd4 4. Nxd4 Nc6 5. g3 a6 6. Bg2 Qc7 7. 0-0 Nf6 8. c4 Nxd4 9. Qxd4 Bc5 10. Qc3 e5 11. Bg5 Be7 12. Qd3 h6 13. Bxf6 Bxf6 14. Nc3 0-0 15. Nd5 Qd8 16. c5 Be7 17. b4 Re8 18. Nb6 Rb8 19. Bh3 Qc7 20. Rfd1 Rd8 21. Nd5 1-0

[Event "Madrid-ch Seniors 50"]
[Site "Madrid"]
[Date "2019.01.11"]
[Round "5"]
[White "Roldan Garcia, Angel"]
[Black "Ortega Molina, Tomas"]
[Result "1-0"]
[WhiteElo "1812"]
[BlackElo "1623"]
[PlyCount "93"]
[EventDate "2019.01.07"]
[EventType "swiss"]
[EventRounds "9"]
[EventCountry "ESP"]
[SourceTitle "CBM 188 Extra"]
[Source "ChessBase"]
[SourceDate "2019.02.26"]
[SourceVersion "1"]
[SourceVersionDate "2019.02.26"]
[SourceQuality "1"]

1. e4 c5 2. c3 Nf6 3. e5 Nd5 4. d4 cxd4 5. Nf3 e6 6. cxd4 Nc6 7. Bc4 Nb6 8. Bd3 d5 9. Nc3 a6 10. 0-0 Be7 11. a3 Bd7 12. Bf4 h6 13. Rc1 Rc8 14. Bb1 Nc4 15. Qb3 N6a5 16. Qa2 Qb6 17. b4 Nc6 18. Na4 Qa7 19. Nc5 b6 20. Nb3 g5 21. Be3 g4 22. Nfd2 b5 23. Nc5 Bxc5 24. bxc5 Ne7 25. Nxc4 dxc4 26. Qd2 Ng8 27. d5 Qa8 28. c6 Bxc6 29. dxc6 Qxc6 30. Rfd1 Ne7 31. Qd4 h5 32. Be4 Nd5 33. Bxd5 exd5 34. Qxd5 Qxd5 35. Rxd5 Rc6 36. Rd6 Rxd6 37. exd6 Kd7 38. Bf4 Re8 39. Kf1 Re4 40. g3 Rd4 41. Rc3 Rd1+ 42. Ke2 Rh1 43. Re3 Ra1 44. Re7+ Kd8 45. Bg5 Ra2+ 46. Kd1 Kc8 47. d7+ 1-0

[Event "Madrid-ch Seniors 50"]
[Site "Madrid"]
[Date "2019.01.10"]
[Round "4"]
[White "Esteban Amo, Jose M"]
[Black "Roldan Garcia, Angel"]
[Result "1-0"]
[WhiteElo "1888"]
[BlackElo "1812"]
[PlyCount "113"]
[EventDate "2019.01.07"]
[EventType "swiss"]
[EventRounds "9"]
[EventCountry "ESP"]
[SourceTitle "CBM 188 Extra"]
[Source "ChessBase"]
[SourceDate "2019.02.26"]
[SourceVersion "1"]
[SourceVersionDate "2019.02.26"]
[SourceQuality "1"]

1. d4 Nf6 2. Bf4 e6 3. e3 c5 4. c3 Nc6 5. Nd2 d5 6. Ngf3 Nh5 7. Bg5 Qb6 8. Rb1 h6 9. Bh4 g5 10. Ne5 Ng7 11. Bg3 Nf5 12. Qh5 Nxe5 13. Bxe5 Bg7 14. Nf3 c4 15. Be2 Bxe5 16. Nxe5 Qc7 17. 0-0 Ng7 18. Qf3 f5 19. Bd1 Bd7 20. b3 g4 21. Qe2 b5 22. e4 0-0 23. exf5 exf5 24. Qd2 Rf6 25. Re1 Ne6 26. bxc4 bxc4 27. Bc2 Ng5 28. Rb2 Rb6 29. Reb1 Rxb2 30. Rxb2 Re8 31. Rb1 Bc8 32. Ba4 Re6 33. Rb4 Ne4 34. Qe1 Rb6 35. a3 a5 36. Rb5 Rxb5 37. Bxb5 Qb6 38. a4 Qd6 39. f3 gxf3 40. gxf3 Ng5 41. Qg3 Kh7 42. h4 f4 43. Qe1 Nh3+ 44. Kh2 Bf5 45. Ng4 Bxg4 46. fxg4 Ng5 47. hxg5 hxg5 48. Qe8 f3+ 49. Qe5 Qh6+ 50. Kg1 Qh4 51. Qh2 f2+ 52. Qxf2 Qxg4+ 53. Qg2 Qd1+ 54. Kh2 Kg6 55. Be8+ Kf6 56. Qf2+ Kg7 57. Qf7+ 1-0

[Event "Madrid-ch Previa-A"]
[Site "Madrid"]
[Date "2017.02.07"]
[Round "2"]
[White "Roldan Garcia, Angel"]
[Black "Cardena Contreras, Javier"]
[Result "1-0"]
[WhiteElo "1794"]
[BlackElo "1935"]
[PlyCount "113"]
[EventDate "2017.02.06"]
[EventType "swiss"]
[EventRounds "9"]
[EventCountry "ESP"]
[SourceTitle "CBM 177 Extra"]
[Source "ChessBase"]
[SourceDate "2017.04.27"]
[SourceVersion "1"]
[SourceVersionDate "2017.04.27"]
[SourceQuality "1"]

1. e4 c5 2. Nf3 Nc6 3. c3 Nf6 4. e5 Nd5 5. d4 cxd4 6. cxd4 e6 7. Bc4 Nb6 8. Bb3 d6 9. 0-0 Be7 10. Nc3 0-0 11. Qe2 a6 12. Rd1 Qc7 13. Bf4 d5 14. a3 Bd7 15. Rac1 Rac8 16. Qd3 f6 17. exf6 Qxf4 18. fxe7 Nxe7 19. Bc2 g6 20. Ne2 Qf6 21. b3 Nf5 22. Rf1 Bb5 23. Qd2 Rc6 24. Bxf5 exf5 25. Rxc6 Bxc6 26. Ne5 Qd6 27. a4 Nd7 28. Nxd7 Qxd7 29. Nf4 Re8 30. Nd3 Qd6 31. Ne5 Bd7 32. Rc1 Rc8 33. Rxc8+ Bxc8 34. Qc3 Be6 35. h3 Kg7 36. Qd2 h6 37. Qf4 g5 38. Qf3 Qb4 39. Qh5 Qe7 40. Qg6+ Kh8 41. Qxh6+ Kg8 42. Nf3 g4 43. Qg6+ Kh8 44. Ng5 Bg8 45. Qh6+ Bh7 46. Qxh7+ Qxh7 47. Nxh7 Kxh7 48. hxg4 fxg4 49. Kh2 Kg6 50. Kg3 Kf5 51. f3 a5 52. fxg4+ Ke4 53. g5 Kf5 54. g6 Kxg6 55. Kf4 Kf6 56. g4 Kg6 57. g5 1-0

[Event "Madrid-ch Previa-A"]
[Site "Madrid"]
[Date "2017.02.06"]
[Round "1"]
[White "Montejano Siguero, Sonia"]
[Black "Roldan Garcia, Angel"]
[Result "0-1"]
[WhiteElo "1483"]
[BlackElo "1794"]
[PlyCount "72"]
[EventDate "2017.02.06"]
[EventType "swiss"]
[EventRounds "9"]
[EventCountry "ESP"]
[SourceTitle "CBM 177 Extra"]
[Source "ChessBase"]
[SourceDate "2017.04.27"]
[SourceVersion "1"]
[SourceVersionDate "2017.04.27"]
[SourceQuality "1"]

1. e4 c5 2. Bc4 Nc6 3. Bxf7+ Kxf7 4. Qh5+ g6 5. Qxc5 e6 6. Qc3 Bg7 7. Qf3+ Qf6 8. c3 Ne5 9. Qe2 Ne7 10. d4 N5c6 11. Nf3 Ke8 12. Bg5 Qf7 13. Bxe7 Qxe7 14. 0-0 d6 15. Nbd2 a6 16. a4 Rf8 17. Rae1 Kf7 18. Qd1 Kg8 19. d5 Ne5 20. Nxe5 Bxe5 21. Nf3 Bg7 22. dxe6 Bxe6 23. Nd4 Bc4 24. Ne2 Rad8 25. b3 Bxe2 26. Qxe2 Qe6 27. c4 Bd4 28. Qd2 Qe5 29. Rd1 Bb6 30. Qd5+ Qxd5 31. exd5 Rde8 32. Rd2 Re4 33. g3 Rf3 34. Rb2 Bd4 35. Kg2 Rxg3+ 36. Kxg3 Bxb2 0-1

[Event "Madrid-ch sf-A"]
[Site "Madrid"]
[Date "2016.03.30"]
[Round "9"]
[White "Roldan Garcia, Angel"]
[Black "Martin Consuegra, Barrilero Javier"]
[Result "1/2-1/2"]
[WhiteElo "1840"]
[BlackElo "1841"]
[PlyCount "56"]
[EventDate "2016.03.07"]
[EventType "swiss"]
[EventRounds "9"]
[EventCountry "ESP"]
[SourceTitle "EXT 2017"]
[Source "ChessBase"]
[SourceDate "2016.10.25"]
[SourceVersion "1"]
[SourceVersionDate "2016.10.25"]
[SourceQuality "1"]

1. e4 d6 2. d4 Nf6 3. Nc3 e5 4. Nf3 Nbd7 5. Bc4 h6 6. 0-0 Be7 7. h3 c6 8. a4 a5 9. Re1 0-0 10. Be3 Qc7 11. Ba2 Re8 12. Qe2 exd4 13. Nxd4 Nc5 14. f3 Bf8 15. Qf2 Be6 16. Nxe6 Nxe6 17. Rad1 Qe7 18. Rd2 Nd7 19. Red1 Qf6 20. Qg3 Ndc5 21. Bxe6 Nxe6 22. Rd3 Kh7 23. b3 Be7 24. Ne2 g5 25. Bd4 Nxd4 26. Nxd4 d5 27. exd5 Bd6 28. Qg4 Bc5 1/2-1/2

[Event "Madrid-ch sf"]
[Site "Madrid"]
[Date "2016.02.23"]
[Round "8"]
[White "Roldan Garcia, Angel"]
[Black "Camacho Casado, Demetrio"]
[Result "0-1"]
[WhiteElo "1838"]
[BlackElo "1909"]
[PlyCount "98"]
[EventDate "2016.02.08"]
[EventType "swiss"]
[EventRounds "9"]
[EventCountry "ESP"]
[SourceTitle "CBM 171 Extra"]
[Source "ChessBase"]
[SourceDate "2016.04.26"]
[SourceVersion "1"]
[SourceVersionDate "2016.04.26"]
[SourceQuality "1"]

1. e4 e5 2. Nf3 Qe7 3. Nc3 c6 4. Be2 g6 5. d4 d6 6. Bg5 Nf6 7. d5 c5 8. Bb5+ Nbd7 9. Qd2 h6 10. Bxf6 Qxf6 11. a4 a6 12. Be2 Bg7 13. h3 0-0 14. Nh2 Qf4 15. g3 Qxd2+ 16. Kxd2 f5 17. f3 Nf6 18. g4 fxe4 19. fxe4 Bd7 20. Nf1 Nh7 21. Ne3 Kf7 22. Raf1+ Ke7 23. Rxf8 Rxf8 24. Rf1 Rf4 25. Ng2 Rxf1 26. Bxf1 Ng5 27. Nh4 Kf7 28. Ke3 Bf6 29. Nf3 Nxf3 30. Kxf3 Bg5 31. b3 Ke7 32. Nd1 Kd8 33. Ne3 Kc7 34. c4 Kb6 35. Nc2 Ka5 36. Ke2 b5 37. axb5 axb5 38. Kd3 bxc4+ 39. bxc4 Ka4 40. Be2 Kb3 41. Na1+ Kb2 42. Nc2 Ba4 43. Ne1 Bh4 44. Nf3 Bf2 45. g5 h5 46. Bf1 Bc2+ 47. Ke2 Bg3 48. Bg2 Kc3 49. Ne1 Bxe1 0-1

[Event "Madrid-ch sf-A"]
[Site "Madrid"]
[Date "2015.03.11"]
[Round "3"]
[White "Blanco Sanchez, Jose Fernando"]
[Black "Roldan Garcia, Angel"]
[Result "1/2-1/2"]
[WhiteElo "2062"]
[BlackElo "1826"]
[PlyCount "55"]
[EventDate "2015.03.09"]
[EventType "swiss"]
[EventRounds "9"]
[EventCountry "ESP"]
[SourceTitle "CBM 165 Extra"]
[Source "ChessBase"]
[SourceDate "2015.04.21"]
[SourceVersion "1"]
[SourceVersionDate "2015.04.21"]
[SourceQuality "1"]

1. c4 Nf6 2. Nc3 g6 3. e4 d6 4. d4 Nbd7 5. Nf3 Bg7 6. Be2 0-0 7. 0-0 e5 8. dxe5 dxe5 9. Qc2 c6 10. Rd1 Qe7 11. a4 Rd8 12. b3 Qe8 13. a5 Nh5 14. Na4 Nf8 15. Rxd8 Qxd8 16. Nc5 Ne6 17. Nxe6 Bxe6 18. Ng5 Nf4 19. Bxf4 exf4 20. Nxe6 fxe6 21. Rd1 Qxa5 22. Qd3 Qc7 23. Bg4 Re8 24. Qd7 Qxd7 25. Rxd7 b5 26. cxb5 cxb5 27. Rxa7 b4 28. Rd7 1/2-1/2

[Event "Madrid-ch"]
[Site "Madrid"]
[Date "2015.02.18"]
[Round "9"]
[White "Roldan Garcia, Angel"]
[Black "Fernandez Rios, Jose Francisco"]
[Result "1-0"]
[WhiteElo "1824"]
[BlackElo "1715"]
[PlyCount "89"]
[EventDate "2015.02.02"]
[EventType "swiss"]
[EventRounds "9"]
[EventCountry "ESP"]
[SourceTitle "CBM 164 Extra"]
[Source "ChessBase"]
[SourceDate "2015.03.02"]
[SourceVersion "1"]
[SourceVersionDate "2015.03.02"]
[SourceQuality "1"]

1. e4 c5 2. c3 d5 3. exd5 Qxd5 4. d4 g6 5. Nf3 Bg7 6. Be3 cxd4 7. Bxd4 Bxd4 8. Qxd4 Qxd4 9. Nxd4 Bd7 10. Na3 Nc6 11. Nab5 Nxd4 12. Nxd4 Nf6 13. Be2 0-0 14. Bf3 e5 15. Nb3 e4 16. Be2 b6 17. 0-0 Bc6 18. Nd4 Bb7 19. Rad1 Rfd8 20. h3 Rd7 21. Bb5 Rd6 22. Be2 Rad8 23. Nb5 Rxd1 24. Rxd1 Rxd1+ 25. Bxd1 Bd5 26. b3 a6 27. Nd4 b5 28. Be2 Nd7 29. Nc2 Nc5 30. Ne3 Bc6 31. c4 Kf8 32. cxb5 Bxb5 33. Bxb5 axb5 34. Nd5 f5 35. Kf1 Nb7 36. Ke2 Kf7 37. Ke3 Nd6 38. Kd4 Ke6 39. Nf4+ Kd7 40. g4 g5 41. Nd5 f4 42. Nf6+ Kc6 43. Nxe4 Nxe4 44. Kxe4 Kc5 45. a4 1-0

[Event "Madrid-ch"]
[Site "Madrid"]
[Date "2015.02.11"]
[Round "6"]
[White "Roldan Garcia, Angel"]
[Black "Morona Minguez, Miguel"]
[Result "1-0"]
[WhiteElo "1824"]
[BlackElo "1913"]
[PlyCount "51"]
[EventDate "2015.02.02"]
[EventType "swiss"]
[EventRounds "9"]
[EventCountry "ESP"]
[SourceTitle "CBM 164 Extra"]
[Source "ChessBase"]
[SourceDate "2015.03.02"]
[SourceVersion "1"]
[SourceVersionDate "2015.03.02"]
[SourceQuality "1"]

1. e4 e5 2. Nf3 Nc6 3. Bb5 a6 4. Ba4 Nf6 5. d3 Bc5 6. 0-0 b5 7. Bb3 d6 8. a4 Bg4 9. h3 Bh5 10. c3 h6 11. Qe2 0-0 12. Be3 Nd7 13. Bd5 Ne7 14. Bxa8 Qxa8 15. axb5 Bxe3 16. Qxe3 Qb7 17. bxa6 Qxb2 18. Nbd2 Bxf3 19. Nxf3 Nb6 20. Rfb1 Qxc3 21. Rc1 Qb2 22. Qe1 Rc8 23. a7 Qb5 24. Qc3 Kf8 25. Rcb1 Qe8 26. Rxb6 1-0

[Event "Madrid-ch"]
[Site "Madrid"]
[Date "2015.02.10"]
[Round "5"]
[White "Jimenez Gonzalez, Marcos"]
[Black "Roldan Garcia, Angel"]
[Result "1/2-1/2"]
[WhiteElo "1856"]
[BlackElo "1824"]
[PlyCount "55"]
[EventDate "2015.02.02"]
[EventType "swiss"]
[EventRounds "9"]
[EventCountry "ESP"]
[SourceTitle "CBM 164 Extra"]
[Source "ChessBase"]
[SourceDate "2015.03.02"]
[SourceVersion "1"]
[SourceVersionDate "2015.03.02"]
[SourceQuality "1"]

1. d4 Nf6 2. c4 g6 3. g3 Bg7 4. Bg2 0-0 5. Nc3 d6 6. Nf3 Nbd7 7. 0-0 e5 8. e4 exd4 9. Nxd4 Re8 10. Re1 a6 11. Nb3 Ne5 12. c5 dxc5 13. Nxc5 Qe7 14. Nb3 c6 15. f3 Rd8 16. Qe2 Nd3 17. Rd1 Nxc1 18. Raxc1 Be6 19. Qe3 Bxb3 20. axb3 Rxd1+ 21. Rxd1 Rd8 22. Rxd8+ Qxd8 23. Bh3 Ng4 24. Qe2 Qb6+ 25. Kg2 Ne3+ 26. Kh1 Bd4 27. Qd3 Qb4 28. e5 1/2-1/2

[Event "Madrid-ch"]
[Site "Madrid"]
[Date "2015.02.09"]
[Round "4"]
[White "Roldan Garcia, Angel"]
[Black "Jimenez Jimenez, Darfo"]
[Result "1-0"]
[WhiteElo "1824"]
[BlackElo "1668"]
[PlyCount "107"]
[EventDate "2015.02.02"]
[EventType "swiss"]
[EventRounds "9"]
[EventCountry "ESP"]
[SourceTitle "CBM 164 Extra"]
[Source "ChessBase"]
[SourceDate "2015.03.02"]
[SourceVersion "1"]
[SourceVersionDate "2015.03.02"]
[SourceQuality "1"]

1. e4 g6 2. d4 Bg7 3. Nc3 d6 4. Be3 Nd7 5. Qd2 a6 6. a4 Nb6 7. Nf3 Bg4 8. a5 Nd7 9. Be2 Bxf3 10. Bxf3 e5 11. 0-0 Ne7 12. Bh6 Bxh6 13. Qxh6 exd4 14. Qg7 Rg8 15. Qxd4 Nc6 16. Qd2 Nf6 17. Rfe1 Qd7 18. Nd5 Nxd5 19. exd5+ Ne5 20. Qg5 Kf8 21. Qh6+ Rg7 22. Re3 Re8 23. Be2 f5 24. Re1 Kg8 25. Bd3 Rge7 26. Qh4 Kf8 27. Qh6+ Kg8 28. Qg5 Kf7 29. Qh4 Kf8 30. Qd4 Nf7 31. Rxe7 Rxe7 32. Rxe7 Qxe7 33. Kf1 Qe5 34. Qxe5 Nxe5 35. Be2 Ke7 36. f4 Nd7 37. b4 Nf6 38. Bf3 Kd7 39. Ke2 Kc8 40. Kd3 Kd7 41. Kd4 Ne8 42. c4 Nf6 43. b5 axb5 44. cxb5 Kc8 45. Kc4 Nd7 46. g4 fxg4 47. Bxg4 Kd8 48. Bxd7 Kxd7 49. a6 bxa6 50. bxa6 Kc8 51. Kb5 Kb8 52. Kc6 h6 53. h4 h5 54. a7+ 1-0

[Event "Madrid-ch Seniors 20th"]
[Site "Madrid"]
[Date "2015.01.16"]
[Round "9"]
[White "Roldan Garcia, Angel"]
[Black "Fernandez Liria, Cristobal"]
[Result "1/2-1/2"]
[WhiteElo "1782"]
[BlackElo "1820"]
[PlyCount "53"]
[EventDate "2015.01.07"]
[EventType "swiss"]
[EventRounds "9"]
[EventCountry "ESP"]
[SourceTitle "CBM 164 Extra"]
[Source "ChessBase"]
[SourceDate "2015.03.02"]
[SourceVersion "1"]
[SourceVersionDate "2015.03.02"]
[SourceQuality "1"]

1. e4 c5 2. c3 d5 3. exd5 Qxd5 4. d4 cxd4 5. cxd4 e5 6. dxe5 Bb4+ 7. Bd2 Qxe5+ 8. Qe2 Bxd2+ 9. Nxd2 Nc6 10. Ngf3 Qxe2+ 11. Bxe2 Nf6 12. Bb5 Bd7 13. 0-0 0-0 14. a3 Ne5 15. Bxd7 Nfxd7 16. b4 Rac8 17. Rfe1 Rfe8 18. Nd4 Nd3 19. Rxe8+ Rxe8 20. Kf1 a6 21. N2f3 Kf8 22. Nf5 N7e5 23. Nxe5 Nxe5 24. Nd6 Re7 25. Rc1 Rd7 26. Nf5 f6 27. Rc3 1/2-1/2

[Event "Madrid-ch Seniors 20th"]
[Site "Madrid"]
[Date "2015.01.09"]
[Round "3"]
[White "Gil Sierra, Jacinto"]
[Black "Roldan Garcia, Angel"]
[Result "0-1"]
[WhiteElo "1980"]
[BlackElo "1782"]
[PlyCount "54"]
[EventDate "2015.01.07"]
[EventType "swiss"]
[EventRounds "9"]
[EventCountry "ESP"]
[SourceTitle "CBM 164 Extra"]
[Source "ChessBase"]
[SourceDate "2015.03.02"]
[SourceVersion "1"]
[SourceVersionDate "2015.03.02"]
[SourceQuality "1"]

1. e4 c5 2. Nf3 e6 3. d4 cxd4 4. Nxd4 Nc6 5. g3 a6 6. Bg2 Qc7 7. 0-0 Nf6 8. Nc3 Nxd4 9. Qxd4 Bc5 10. Qd3 Ng4 11. Bf4 Ne5 12. Qe2 b5 13. Rad1 Bb7 14. Qh5 d6 15. Ne2 Ng6 16. Bg5 h6 17. Bc1 e5 18. Nc3 Ne7 19. h4 Bc8 20. Nd5 Nxd5 21. exd5 Qd7 22. Rfe1 Qf5 23. Qe2 Qg4 24. Bf3 Qxg3+ 25. Kh1 Qxh4+ 26. Kg2 Bh3+ 27. Kh2 Bf1+ 0-1

[Event "Madrid-ch Seniors 20th"]
[Site "Madrid"]
[Date "2015.01.08"]
[Round "2"]
[White "Roldan Garcia, Angel"]
[Black "Campos Calvo, Sotelo Juan"]
[Result "1-0"]
[WhiteElo "1782"]
[BlackElo "1950"]
[PlyCount "87"]
[EventDate "2015.01.07"]
[EventType "swiss"]
[EventRounds "9"]
[EventCountry "ESP"]
[SourceTitle "CBM 164 Extra"]
[Source "ChessBase"]
[SourceDate "2015.03.02"]
[SourceVersion "1"]
[SourceVersionDate "2015.03.02"]
[SourceQuality "1"]

1. e4 e6 2. d4 a6 3. Nf3 b5 4. Bd3 c5 5. c3 Bb7 6. 0-0 Nf6 7. Qe2 Nc6 8. d5 Ne7 9. Rd1 exd5 10. exd5 Bxd5 11. a4 c4 12. Bc2 Be6 13. axb5 axb5 14. Rxa8 Qxa8 15. Na3 Qb8 16. Nd4 Ng6 17. Naxb5 Be7 18. Nxe6 dxe6 19. Qxc4 0-0 20. Bxg6 hxg6 21. Bf4 e5 22. Be3 Rc8 23. Qe2 Rc6 24. Ba7 Qf8 25. Qxe5 Bc5 26. Bxc5 Rxc5 27. Qe2 Qb8 28. Nd4 Re5 29. Qc2 Qe8 30. Kf1 Nh5 31. Nf3 Re7 32. Re1 Nf4 33. Rxe7 Qxe7 34. Qd2 g5 35. g3 Ne6 36. Nd4 Qb7 37. Nxe6 Qh1+ 38. Ke2 Qe4+ 39. Qe3 Qc4+ 40. Ke1 fxe6 41. Qd4 Qc6 42. Kd2 Kf7 43. h4 gxh4 44. gxh4 1-0

[Event "Madrid-ch Previa-A"]
[Site "Madrid"]
[Date "2014.02.17"]
[Round "7"]
[White "Fuster Aguilo, Joan"]
[Black "Roldan Garcia, Angel"]
[Result "0-1"]
[WhiteElo "1775"]
[BlackElo "1765"]
[PlyCount "58"]
[EventDate "2014.02.03"]
[EventType "swiss"]
[EventRounds "9"]
[EventCountry "ESP"]
[SourceTitle "EXT 2015"]
[Source "ChessBase"]
[SourceDate "2014.11.20"]
[SourceVersion "1"]
[SourceVersionDate "2014.11.20"]
[SourceQuality "1"]

1. e4 c5 2. Nc3 Nc6 3. g3 g6 4. Bg2 Bg7 5. d3 d6 6. Nf3 e6 7. 0-0 Nge7 8. Be3 0-0 9. Qd2 Nd4 10. Bxd4 cxd4 11. Ne2 Nc6 12. h4 h5 13. Nh2 e5 14. f4 Bh6 15. Qe1 f5 16. exf5 Bxf5 17. Bd5+ Kh7 18. Nf3 Qe7 19. Bxc6 bxc6 20. Nexd4 Bg4 21. Nxc6 Qb7 22. Qe4 exf4 23. gxf4 Rxf4 24. Ng5+ Bxg5 25. Rxf4 Bxf4 26. Rf1 Bh6 27. Rf6 Bf5 28. Rxf5 gxf5 29. Qxf5+ Kg7 0-1

[Event "Madrid-ch Seniors"]
[Site "Madrid"]
[Date "2014.01.17"]
[Round "9"]
[White "Lopez Rodriguez, Eduardo"]
[Black "Roldan Garcia, Angel"]
[Result "1-0"]
[WhiteElo "1848"]
[BlackElo "1759"]
[PlyCount "111"]
[EventDate "2014.01.07"]
[EventType "swiss"]
[EventRounds "9"]
[EventCountry "ESP"]
[SourceTitle "EXT 2015"]
[Source "ChessBase"]
[SourceDate "2014.11.20"]
[SourceVersion "1"]
[SourceVersionDate "2014.11.20"]
[SourceQuality "1"]

1. e4 c5 2. c4 Nc6 3. f4 e6 4. Nf3 Be7 5. Nc3 a6 6. b3 d6 7. Bb2 Bf6 8. Bd3 Nd4 9. 0-0 Nxf3+ 10. Qxf3 Bd4+ 11. Kh1 Nf6 12. Rae1 e5 13. f5 h5 14. Be2 Bd7 15. Bc1 Bc6 16. Nd5 Bxd5 17. cxd5 Ng4 18. Qg3 Qg5 19. d3 Qe7 20. Bxg4 hxg4 21. Qxg4 f6 22. Rf3 0-0-0 23. Rh3 Qf7 24. Be3 Bxe3 25. Rexe3 Qc7 26. Reg3 Rxh3 27. Rxh3 Kb8 28. Rh7 Rd7 29. Rh8+ Ka7 30. Qh5 Rf7 31. h3 Re7 32. Rg8 Qa5 33. Qe2 Qc7 34. g4 Rf7 35. h4 Qe7 36. Qd2 Rf8 37. Rxf8 Qxf8 38. g5 Qh8 39. Qh2 Qh5 40. gxf6 gxf6 41. Qg3 Kb6 42. Kh2 Qe2+ 43. Kh3 Qf1+ 44. Kg4 Qd1+ 45. Qf3 Qg1+ 46. Kh5 Qg7 47. Qe3 Qf7+ 48. Kg4 Qg7+ 49. Kh3 Kb5 50. h5 a5 51. h6 Qf7 52. Kh4 Qf8 53. Kh3 Kb6 54. Kh2 Qf7 55. Qh3 Qh7 56. Qh5 1-0